| 000 | 00844cam a2200277 a 4500 | ||
|---|---|---|---|
| 001 | 14480916 | ||
| 003 | OSt | ||
| 005 | 20180305145929.0 | ||
| 008 | 060804s2006 stka 001 0 eng | ||
| 010 | _a 2006280114 | ||
| 020 | _a9780443068508 | ||
| 020 | _a044306850X | ||
| 040 |
_aDLC _cDLC _dDLC |
||
| 050 | 0 | 0 |
_aQM551 _b.W47 2006 |
| 082 | 0 | 0 | _aQS 517 W56b 2006 |
| 100 |
_aBarbara, Young;[et..al] _912511 |
||
| 245 | 0 | 0 |
_aWheater's Functional Histology : _ba text and colour atlas. |
| 250 | _a5th ed. | ||
| 260 |
_aEdinburgh; _bChurchill Livingstone, _c2006. |
||
| 300 |
_ax, 437 p. : _bcol. ill. ; _c30 cm. |
||
| 504 | _aIncludes index. | ||
| 650 | 0 |
_aHistology. _9194 |
|
| 856 | 4 | 1 |
_3Table of contents only _uhttp://www.loc.gov/catdir/toc/fy0614/2006280114.html |
| 906 |
_a7 _bcbc _corigcop _d2 _encip _f20 _gy-gencatlg |
||
| 942 |
_2z _cO_SHELF |
||
| 999 |
_c76 _d76 |
||